000 00236 a2200097 4500
001 39704
100 _aHearu GE
245 _aSpectral analysis in engineering: Concepts cases
260 _aLondon
_bArnold
_c1995
090 _c24723
_d24723
942 _aNUST-CAE
_cM
_c16362
999 _c274777
_d274777